000 02441nam0a2200385 i 4500
001 RU\NLR\bibl\1975239
005 20260406022015.0
010 _a9785939324847
_9500
021 _aRU
_b2012-89575
_96622
035 _a(nilc)RSL-KNO-005572194
035 _a(NLR Aleph) 001964023
090 _a3864696
_c3864696
100 _a20121128d2012 u y0rusy50 ca
101 0 _arus
102 _aRU
105 _aa |||||||||
200 1 _aТеоретические основы построения и моделирования систем управления тепловым режимом объектов промышленного и гражданского назначения
_fА.И. Суздальцев, С.П. Петров, О.С. Петрова, Н.А. Сафронова
_gМ-во образования и науки Российской Федерации, Федеральное гос. бюджетное образовательное учреждение высш. проф. образования "Гос. ун-т - Учеб.-науч.-произв. комплекс"
210 _aОрел
_cФедеральное государственное бюджетное образовательное учреждение высшего профессионального образования "Государственный университет - Учебно-научно-производственный комплекс"
_d2012
215 _a261 с.
_cил., факс., табл.
_d21
313 _aтеплоснабжение
320 _aБиблиогр.: с. 224-244 (227 назв.)
606 1 _aТеплоснабжение централизованное
_92349529
_3RU\NLR\auth\661403792
686 _aЗ38-5-05,0
_2rubbk
686 _aЗ383
701 1 _aСуздальцев
_bА. И.
_gАнатолий Иванович
_4070
701 1 _4070
_7ca
_8rus
_aПетров
_bС. П.
_cд-р техн. наук
_gСергей Петрович
_9106485
_3RU\NLR\auth\77123560
701 1 _4070
_7ca
_8rus
_aПетрова
_bО. С.
_cканд. техн. наук
_gОльга Сергеевна
_9106487
_3RU\NLR\auth\77123562
701 1 _aСафронова
_bН. А.
_gНаталья Анатольевна
_4070
801 0 _aRU
_bRuMoRKP
_c20121128
_grcr
801 1 _aRU
_bРГБ
_c20121128
801 2 _aRU
_bNLR
_c20121205
_grcr
830 _aавт. по кн.
942 _cBOOK
980 _aNBR